000
00336nam a2200121Ia 4500
008
170224s9999 xx 000 0 und d
245
_a
Unfinished nursing care: An important performance measure for nursing care systems
260
_b
Nursing Outlook
260
_c
2016
300
_a
64:2
500
_a
March April
650
_x
Nursing.
999
_c
317035
_d
317035